<?xml version="1.0" encoding="UTF-8"?>
<collection xmlns="http://www.loc.gov/MARC21/slim">
  <record>
    <leader>00000nam  2200000   4500</leader>
    <controlfield tag="001">INLIS000000000003317</controlfield>
    <controlfield tag="005">20190827102801</controlfield>
    <datafield tag="035" ind1="#" ind2="#">
      <subfield code="a">0010-0718003317</subfield>
    </datafield>
    <controlfield tag="008">190827################g##########0#ind##</controlfield>
    <datafield tag="041" ind1=" " ind2=" ">
      <subfield code="a">id</subfield>
    </datafield>
    <datafield tag="082" ind1="#" ind2="#">
      <subfield code="a">297.272</subfield>
    </datafield>
    <datafield tag="100" ind1=" " ind2="#">
      <subfield code="a">Karim, M. Rusli</subfield>
    </datafield>
    <datafield tag="245" ind1="1" ind2="#">
      <subfield code="a">Negara dan Peminggiran Islam Politik : SuatuKaitan/ Mengenal Implikasi Kebijakan Pembangunan Bagi Keberadaan "Islam Politik" di Indonesia Era 1970 an dan 1980 an /</subfield>
      <subfield code="c">M. Ruli Karim</subfield>
    </datafield>
    <datafield tag="260" ind1="#" ind2="#">
      <subfield code="a">Yogyakarrta :</subfield>
      <subfield code="b">PT. Tiara Wacana,</subfield>
      <subfield code="c">1999</subfield>
    </datafield>
    <datafield tag="020" ind1="#" ind2="#">
      <subfield code="a">9798120914</subfield>
    </datafield>
    <datafield tag="084" ind1="#" ind2="#">
      <subfield code="a">297.272 Kar n</subfield>
    </datafield>
    <datafield tag="250" ind1="#" ind2="#">
      <subfield code="a">Cet.1</subfield>
    </datafield>
    <datafield tag="300" ind1="#" ind2="#">
      <subfield code="a">xxxi, 297 hlm. :</subfield>
      <subfield code="b">ilus ;</subfield>
      <subfield code="c">21 cm</subfield>
    </datafield>
    <datafield tag="650" ind1="#" ind2="#">
      <subfield code="a">Islam dan politik</subfield>
    </datafield>
    <datafield tag="520" ind1="#" ind2="#">
      <subfield code="a">Uraian dalam buku ini mencoba menganalisis implikasi kebijakan pembangunan terhadap keberadaan "Islam Politik" yang intinya ingin mempelajari kasus peminggiran "Islam Politik", yaitu suatu keadaan yang membuat Islam politik tidak berungsi, seperti sedikitnya jumlan kelompok muslim santri yang menduduki pemerintahan, kecilnya peran partai Islam, bahkan hilangnya partai Islam dan kurang teraktikulasikannya kepentingan Islam. Segala Hal yang menyebabkan terpinggirnya Islam politik dan reaksi umat Islam dijabarkan secara penjang lebar dalam buku ini, termasuk juga akomodasi Islam bersamaan dengan adanya perpecahan di dalam "ruling elite" saat itu.</subfield>
    </datafield>
    <datafield tag="856" ind1="#" ind2="#">
      <subfield code="a">Perpustakaan Lembaga Administrasi Negara</subfield>
    </datafield>
    <datafield tag="990" ind1="#" ind2="#">
      <subfield code="a">02045774</subfield>
    </datafield>
    <datafield tag="990" ind1="#" ind2="#">
      <subfield code="a">02045275</subfield>
    </datafield>
  </record>
</collection>
